000 01406nam0a2200325 i 4500
001 RU\NLR\BIBL_A\010460504
005 20241103232655.0
010 _a9785749317589
_9500
021 _aRU
_b2014-47986
_92903
035 _a(NILC)RuMoRGB-007518425
035 _a(NLR Aleph) 010460504
090 _a9973703
_c9973703
100 _a20140910d2014 u y0rusy50 ca
101 0 _arus
102 _aRU
105 _aac||z|||000yy
200 1 _aСаров - Мордовия: инновации в образовании
_fЮ. П. Щербак
210 _aСаров
_aСаранск
_cКрасный Октябрь
_d2014
215 _a277, [2] с., [8] л. цв. ил.
_cил., портр.
_d25
300 _aНа 4-й с. обл. авт.: Щербак Ю. П., акад. Междунар. акад. информатизации, лауреат премии Правительства РФ в обл. образования
320 _aБиблиогр.: с. 278 (29 назв.)
601 0 2 _aСаровский государственный физико-технический институт
_xИстория
_92511312
_3RU\NLR\AUTH\661488735
686 1 _aЧ488.23(2)
700 1 _aЩербак
_bЮ. П.
_gЮрий Петрович
801 0 _aRU
_bРГБ
_c20140710
_gRCR
801 1 _aRU
_bРГБ
_c20140710
_2rusmarc
942 _cBOOK
980 _aNBR